00817nam a22001097a 4500040000800000082002700008100001900035245051800054260002600572300002200598856008700620 cRUA aAVM KON 2006 B076 Or.1 aKONG, SAMNANG. aThe effect of using of soybean bran by product on growth rate of avian broiler in the animal experimental station of royal university of agriculture, ឥទ្ធពឡនៃការប្រើប្រាស់កន្ទក់សណ្តែលសៀងជាចំណីផ្សំលើការលូតលាស់មាន់សាច់ពូជAVIAN នៅស្ថានីយ៍ពោសោធន៍សត្វនៃសាកលវិទ្យាល័យភូមិន្ទកសិកម្ម aPhnom PenhbRUAc2006 a38p.bill.c29cm. uhttps://drive.google.com/file/d/1J9LdEU6B29l6zESTL5Vl7EzQRGASLmPz/view?usp=sharing